|
|
|
|
| LEADER |
00000cam a2200000 7i4500 |
| 001 |
0000053532 |
| 005 |
20220105104159.0 |
| 008 |
151022 |
| 020 |
|
|
|a 967974986X
|
| 090 |
0 |
0 |
|a ANM
|b MAL
|
| 245 |
0 |
0 |
|a Badak air dan zirafah
|
| 260 |
|
|
|a Kuala Lumpur :
|b Penerbitan Hasratpelajar ,
|c 1994
|
| 490 |
1 |
|
|a Buku awal binatang saya
|
| 500 |
|
|
|a Children age 4-6 years old (yellow)
|
| 650 |
|
0 |
|a Animals
|
| 650 |
|
0 |
|a Children's stories, Malay
|
| 999 |
|
|
|a 0000422395
|b Book
|c Children Collection
|e Cawangan Pontian
|
| 999 |
|
|
|a 0000777266
|b Book
|c Children Collection
|e Cawangan Pontian
|
| 999 |
|
|
|a 0000777267
|b Book
|c Children Collection
|e Cawangan Pontian
|
| 999 |
|
|
|a 0000777268
|b Book
|c Children Collection
|e Cawangan Pontian
|
| 999 |
|
|
|a 0000791821
|b Book
|c Children Collection
|e Cawangan Segamat
|
| 999 |
|
|
|a 0000791822
|b Book
|c Children Collection
|e Cawangan Segamat
|
| 999 |
|
|
|a 0000791823
|b Book
|c Children Collection
|e Cawangan Segamat
|